[Event "Oberliga Sued W 1819"]
[Site "Germany"]
[Date "2019.02.24"]
[Round "7.2"]
[White "Becker, Thomas2222"]
[Black "Wild, Achim"]
[Result "1/2-1/2"]
[WhiteElo "2139"]
[BlackElo "2277"]
[PlyCount "159"]
[EventDate "2018.10.21"]
[EventType "team-tourn"]
[EventRounds "9"]
[EventCountry "GER"]
[SourceTitle "EXT 2020"]
[Source "ChessBase"]
[SourceDate "2019.10.17"]
[SourceVersion "1"]
[SourceVersionDate "2019.10.17"]
[SourceQuality "1"]
[WhiteTeam "Winterbach Turm"]
[BlackTeam "Schwarzenbach Caissa"]
[WhiteTeamCountry "GER"]
[BlackTeamCountry "GER"]

1. e4 d6 2. d4 Nf6 3. Nc3 e5 4. Nf3 Nbd7 5. g3 Be7 6. Bg2 0-0 7. 0-0 Re8 8. Re1 c6 9. a4 b6 10. d5 cxd5 11. Nxd5 Nxd5 12. Qxd5 Rb8 13. Qd1 Qc7 14. b3 a6 15. c4 Nc5 16. Qc2 Bg4 17. Bb2 Rbc8 18. Nd2 Qb7 19. Nf1 Bg5 20. Ne3 Bxe3 21. Rxe3 b5 22. h3 Be6 23. axb5 axb5 24. Ra5 bxc4 25. bxc4 Qb4 26. Bc3 Qxc4 27. Bf1 Qb3 28. Qxb3 Bxb3 29. Bb4 Be6 30. f4 Bd7 31. Ra7 exf4 32. gxf4 Bf5 33. Bc4 Rxe4 34. Bxf7+ Kh8 35. Rxe4 Nxe4 36. Bd5 Nf6 37. Bb7 Rd8 38. Kh2 Be4 39. Bc3 d5 40. Bd4 h6 41. Kg3 Rd7 42. Bc8 Rxa7 43. Bxa7 Nh5+ 44. Kg4 Nf6+ 45. Kg3 Ne8 46. Bb8 Kg8 47. Bd7 Nf6 48. Be6+ Kh7 49. f5 d4 50. Kf4 Bg2 51. h4 Nh5+ 52. Kg4 d3 53. Be5 Nf6+ 54. Bxf6 gxf6 55. Kf4 d2 56. Bb3 Bh3 57. Bc2 Kg7 58. Ke3 Bxf5 59. Bd1 Bh3 60. Kxd2 Kg6 61. Ke3 Kf5 62. Bh5 Bg4 63. Be8 Ke5 64. Bc6 Bd1 65. Bd7 Bh5 66. Bc8 Bd1 67. Bd7 h5 68. Bh3 f5 69. Bg2 f4+ 70. Kf2 Kd4 71. Bc6 Bg4 72. Be8 Ke5 73. Bc6 Kf5 74. Bd7+ Kf6 75. Bc6 Be6 76. Be4 Ke5 77. Bf3 Bf7 78. Be2 Kf5 79. Bf3 Kg6 80. Bxh5+ 1/2-1/2

[Event "Oberliga Sued W 1819"]
[Site "Germany"]
[Date "2018.11.25"]
[Round "3.2"]
[White "Bastian, Herbert"]
[Black "Wild, Achim"]
[Result "1-0"]
[WhiteElo "2303"]
[BlackElo "2277"]
[PlyCount "119"]
[EventDate "2018.10.21"]
[EventType "team-tourn"]
[EventRounds "9"]
[EventCountry "GER"]
[SourceTitle "EXT 2020"]
[Source "ChessBase"]
[SourceDate "2019.10.17"]
[SourceVersion "1"]
[SourceVersionDate "2019.10.17"]
[SourceQuality "1"]
[WhiteTeam "Saarbruecken SVG"]
[BlackTeam "Schwarzenbach Caissa"]
[WhiteTeamCountry "GER"]
[BlackTeamCountry "GER"]

1. e4 e5 2. Nf3 d6 3. d4 exd4 4. Nxd4 Nf6 5. Nc3 Be7 6. Be2 0-0 7. 0-0 Re8 8. Re1 Bf8 9. Bf1 Nbd7 10. f3 c6 11. Kh1 Ne5 12. Bg5 Ng6 13. Nb3 h6 14. Be3 b5 15. a3 Bd7 16. Qd2 a5 17. Qf2 Rb8 18. Rad1 Qc7 19. Nd2 Ra8 20. a4 b4 21. Ncb1 Ne5 22. Nc4 Nxc4 23. Bxc4 d5 24. exd5 cxd5 25. Bb3 Bd6 26. g3 Be5 27. Bd4 Bc6 28. Nd2 Re6 29. Kg1 Rae8 30. c3 Bxd4 31. cxd4 Qd7 32. Rxe6 Rxe6 33. Ra1 Qe8 34. Bd1 Re1+ 35. Kg2 Re7 36. b3 Re3 37. Rc1 Rd3 38. Nf1 Bd7 39. Bc2 Rc3 40. Re1 Qc8 41. Ne3 Be6 42. Re2 Qa6 43. Nd1 Rc6 44. Qe1 Qc8 45. Ne3 Rc3 46. Qd2 Qa6 47. Nd1 Rc6 48. Ne3 Qc8 49. Qe1 Bh3+ 50. Kf2 Kf8 51. g4 h5 52. g5 Nd7 53. Kg1 Rc3 54. Qg3 Be6 55. Qd6+ Kg8 56. Nf5 Qf8 57. Ne7+ Kh8 58. Rxe6 Rxc2 59. Qxd7 Qb8 60. Re5 1-0

[Event "Oberliga Sued W 1718"]
[Site "Germany"]
[Date "2018.02.25"]
[Round "9.2"]
[White "Wild, Achim"]
[Black "Muller, Etienne"]
[Result "1-0"]
[WhiteElo "2275"]
[BlackElo "2139"]
[PlyCount "51"]
[EventDate "2017.09.10"]
[EventType "team-tourn"]
[EventRounds "11"]
[EventCountry "GER"]
[SourceTitle "EXT 2019"]
[Source "ChessBase"]
[SourceDate "2018.10.10"]
[SourceVersion "1"]
[SourceVersionDate "2018.10.10"]
[SourceQuality "1"]
[WhiteTeam "Schwarzenbach Caissa"]
[BlackTeam "Saarbruecken Gambit"]
[WhiteTeamCountry "GER"]
[BlackTeamCountry "GER"]

1. Nf3 Nf6 2. g3 g6 3. b3 Bg7 4. Bb2 0-0 5. Bg2 c6 6. 0-0 Qa5 7. Re1 d6 8. e4 Qh5 9. d4 Bg4 10. Nbd2 Nbd7 11. Qe2 e5 12. Qf1 exd4 13. Nxd4 c5 14. Nb5 Nxe4 15. Rxe4 Bxb2 16. Rb1 Be5 17. f4 d5 18. Ree1 Bb8 19. Nc3 Nf6 20. Qb5 Bc7 21. Qxb7 Ba5 22. Re5 Bf5 23. Bf3 Ng4 24. Bxg4 Qxg4 25. Nxd5 Kh8 26. Qe7 1-0

[Event "Oberliga Sued W 1718"]
[Site "Germany"]
[Date "2018.02.04"]
[Round "8.2"]
[White "Kling, Felix"]
[Black "Wild, Achim"]
[Result "1/2-1/2"]
[WhiteElo "2243"]
[BlackElo "2275"]
[PlyCount "79"]
[EventDate "2017.09.10"]
[EventType "team-tourn"]
[EventRounds "11"]
[EventCountry "GER"]
[SourceTitle "EXT 2019"]
[Source "ChessBase"]
[SourceDate "2018.10.10"]
[SourceVersion "1"]
[SourceVersionDate "2018.10.10"]
[SourceQuality "1"]
[WhiteTeam "Gau Algesheim"]
[BlackTeam "Schwarzenbach Caissa"]
[WhiteTeamCountry "GER"]
[BlackTeamCountry "GER"]

1. d4 Nf6 2. Nf3 b6 3. e3 Bb7 4. Bd3 e6 5. 0-0 Be7 6. c4 0-0 7. Nc3 d5 8. cxd5 exd5 9. b3 Nbd7 10. Bb2 Re8 11. Qe2 a6 12. Qc2 Bd6 13. Ne2 Ne4 14. Ng3 g6 15. Rac1 Rc8 16. Qe2 b5 17. a4 c6 18. axb5 axb5 19. Bxe4 dxe4 20. Nd2 Bxg3 21. hxg3 Qg5 22. Ra1 Nf6 23. Ra7 Rc7 24. Rfa1 Nd5 25. Nb1 Nf6 26. Nd2 h5 27. b4 Nd5 28. Nb3 Bc8 29. Rxc7 Nxc7 30. d5 Nxd5 31. Qd2 Qe7 32. Qd4 f6 33. Nc5 Bf5 34. Ra6 Qd6 35. Ra7 Re7 36. Ra8+ Kg7 37. Ra6 Kf7 38. Ra8 Kg7 39. Ra6 Kf7 40. Ra8 1/2-1/2

[Event "Sanem rapid op 3rd"]
[Site "Sanem"]
[Date "2017.09.24"]
[Round "3"]
[White "Wild, Achim"]
[Black "Moussard, Jules"]
[Result "0-1"]
[WhiteElo "2231"]
[BlackElo "2571"]
[PlyCount "68"]
[EventDate "2017.09.24"]
[EventType "swiss (rapid)"]
[EventRounds "9"]
[EventCountry "LUX"]
[SourceTitle "CBM 180 Extra"]
[Source "ChessBase"]
[SourceDate "2017.10.06"]
[SourceVersion "1"]
[SourceVersionDate "2017.10.06"]
[SourceQuality "1"]

1. Nf3 Nf6 2. c4 b6 3. g3 Bb7 4. Bg2 g6 5. 0-0 Bg7 6. d4 0-0 7. Nc3 Ne4 8. Nxe4 Bxe4 9. Be3 c5 10. Rc1 Nc6 11. d5 Na5 12. Qd2 e6 13. b3 exd5 14. cxd5 Qf6 15. Bh6 Rfe8 16. Rfd1 Nb7 17. Bg5 Qb2 18. Bh3 f5 19. Bf4 Bxf3 20. exf3 Re2 21. Qxb2 Bxb2 22. Rb1 Bd4 23. Rd2 Bxf2+ 24. Kf1 Rxd2 25. Bxd2 Bd4 26. Re1 Kf7 27. g4 Kf6 28. Bf4 g5 29. Bd2 f4 30. Bg2 Nd6 31. h4 h6 32. Ke2 Re8+ 33. Kd1 Rxe1+ 34. Bxe1 Ke5 0-1

[Event "Maastricht Limburg op-A 11th"]
[Site "Maastricht"]
[Date "2017.06.02"]
[Round "1"]
[White "Sadler, Matthew D"]
[Black "Wild, Achim"]
[Result "1-0"]
[WhiteElo "2684"]
[BlackElo "2265"]
[PlyCount "53"]
[EventDate "2017.06.02"]
[EventType "swiss"]
[EventRounds "7"]
[EventCountry "NED"]
[SourceTitle "CBM 178 Extra"]
[Source "ChessBase"]
[SourceDate "2017.06.22"]
[SourceVersion "1"]
[SourceVersionDate "2017.06.22"]
[SourceQuality "1"]

1. c4 c6 2. Nf3 d5 3. d4 Nf6 4. e3 Bg4 5. h3 Bh5 6. g4 Bg6 7. Ne5 e6 8. Qb3 Qb6 9. Nxg6 hxg6 10. Bg2 Be7 11. Nc3 g5 12. Bd2 Nbd7 13. 0-0-0 a5 14. Kb1 a4 15. Qxb6 Nxb6 16. cxd5 Nfxd5 17. Ne4 a3 18. b3 Nd7 19. Rc1 Kf8 20. Rhf1 Kg8 21. f4 gxf4 22. exf4 Bb4 23. Bxb4 Nxb4 24. Nd6 Ra7 25. f5 e5 26. Rfd1 f6 27. Rc4 1-0

[Event "BL2-Sued 1617"]
[Site "Germany"]
[Date "2017.04.23"]
[Round "8.3"]
[White "Wild, Achim"]
[Black "Zuyev, Igor"]
[Result "0-1"]
[WhiteElo "2230"]
[BlackElo "2430"]
[PlyCount "64"]
[EventDate "2016.10.16"]
[EventType "team-tourn"]
[EventRounds "9"]
[EventCountry "GER"]
[SourceTitle "EXT 2018"]
[Source "ChessBase"]
[SourceDate "2017.10.13"]
[SourceVersion "1"]
[SourceVersionDate "2017.10.13"]
[SourceQuality "1"]
[WhiteTeam "Schwarzenbach"]
[BlackTeam "Heusenstamm"]
[WhiteTeamCountry "GER"]
[BlackTeamCountry "GER"]

1. c4 c5 2. Nf3 g6 3. d4 cxd4 4. Nxd4 Nc6 5. e4 Bg7 6. Be3 Nf6 7. Nc3 0-0 8. Be2 d6 9. 0-0 Bd7 10. Qd2 Ng4 11. Bxg4 Bxg4 12. f3 Bd7 13. Rac1 Qa5 14. Rfd1 Rae8 15. Nde2 b6 16. Kh1 f5 17. exf5 Bxf5 18. Nd5 Qxd2 19. Rxd2 Rf7 20. h3 Be5 21. b3 Rc8 22. g4 Bd7 23. Kg2 Bg7 24. f4 Rcf8 25. Rdd1 h5 26. Kg3 g5 27. f5 Be5+ 28. Kg2 e6 29. fxe6 Bxe6 30. Rf1 hxg4 31. hxg4 Bxg4 32. Ng1 Bf5 0-1

[Event "Staufer op 29th"]
[Site "Schwaebisch Gmuend"]
[Date "2017.01.06"]
[Round "9"]
[White "Hoeglauer, Patrick"]
[Black "Wild, Achim"]
[Result "1-0"]
[WhiteElo "2195"]
[BlackElo "2293"]
[PlyCount "85"]
[EventDate "2017.01.02"]
[EventType "swiss"]
[EventRounds "9"]
[EventCountry "GER"]
[SourceTitle "CBM 176 Extra"]
[Source "ChessBase"]
[SourceDate "2017.03.02"]
[SourceVersion "1"]
[SourceVersionDate "2017.03.02"]
[SourceQuality "1"]

1. d4 d5 2. c4 c6 3. Nf3 Nf6 4. e3 Bg4 5. Nbd2 e6 6. Bd3 Nbd7 7. Qc2 Bd6 8. h3 Bh5 9. b3 Bg6 10. Bb2 Bxd3 11. Qxd3 Qb8 12. 0-0 0-0 13. e4 Nxe4 14. Nxe4 dxe4 15. Qxe4 Re8 16. Rfe1 a5 17. a3 Bf8 18. Rad1 Qd8 19. Ne5 Nxe5 20. Qxe5 Bd6 21. Qe2 Qe7 22. c5 Bb8 23. d5 cxd5 24. Rxd5 Bc7 25. Qg4 f6 26. Rd3 Rad8 27. Rxd8 Bxd8 28. b4 axb4 29. axb4 Kf7 30. g3 Bc7 31. Qe4 b6 32. Qxh7 bxc5 33. Qh5+ Kf8 34. bxc5 e5 35. Ba3 Rd8 36. Re4 Rd3 37. Bb4 Qf7 38. Qh8+ Qg8 39. c6+ Kf7 40. Qh5+ g6 41. Qh6 Ke6 42. Rg4 Kf5 43. Rxg6 1-0

[Event "BL2-Sued 1617"]
[Site "Germany"]
[Date "2016.11.20"]
[Round "2.4"]
[White "Wild, Achim"]
[Black "Cvitan, Ognjen"]
[Result "0-1"]
[WhiteElo "2230"]
[BlackElo "2502"]
[PlyCount "68"]
[EventDate "2016.10.16"]
[EventType "team-tourn"]
[EventRounds "9"]
[EventCountry "GER"]
[SourceTitle "EXT 2018"]
[Source "ChessBase"]
[SourceDate "2017.10.13"]
[SourceVersion "1"]
[SourceVersionDate "2017.10.13"]
[SourceQuality "1"]
[WhiteTeam "Schwarzenbach"]
[BlackTeam "Emmendingen"]
[WhiteTeamCountry "GER"]
[BlackTeamCountry "GER"]

1. Nf3 Nf6 2. c4 e6 3. g3 d5 4. Bg2 Be7 5. 0-0 0-0 6. b3 c5 7. cxd5 exd5 8. d4 Nc6 9. Bb2 Re8 10. Nc3 Bg4 11. dxc5 Bxc5 12. Rc1 Bf8 13. h3 Bf5 14. Nd4 Bg6 15. Nxc6 bxc6 16. Na4 Rc8 17. e3 Bd6 18. Qd4 Qe7 19. Rfd1 h6 20. Nc5 Red8 21. b4 Rb8 22. Bf1 Qf8 23. a3 a5 24. Na6 Rbc8 25. Qb6 Ne4 26. Qxa5 Bxg3 27. fxg3 Qd6 28. Qb6 Qxg3+ 29. Bg2 Qf2+ 30. Kh2 Qxb2 31. Qd4 Qf2 32. Rf1 Qg3+ 33. Kg1 Ng5 34. h4 Be4 0-1

[Event "EU-Cup 32nd"]
[Site "Novi Sad"]
[Date "2016.11.07"]
[Round "2.4"]
[White "Wild, Achim"]
[Black "Barrett, Stephen J"]
[Result "1-0"]
[WhiteElo "2230"]
[BlackElo "2181"]
[PlyCount "65"]
[EventDate "2016.11.06"]
[EventType "team-swiss"]
[EventRounds "7"]
[EventCountry "SRB"]
[SourceTitle "CBM 176"]
[Source "ChessBase"]
[SourceDate "2017.01.17"]
[SourceVersion "1"]
[SourceVersionDate "2017.01.17"]
[SourceQuality "1"]
[WhiteTeam "Bieles The Smashing Pawns"]
[BlackTeam "White Rose"]
[WhiteTeamCountry "LUX"]
[BlackTeamCountry "ENG"]

1. Nf3 Nf6 2. c4 g6 3. g3 Bg7 4. Bg2 0-0 5. 0-0 d6 6. d4 c6 7. Nc3 Qa5 8. e4 Bg4 9. h3 Bxf3 10. Bxf3 Nfd7 11. Be3 a6 12. Rc1 c5 13. d5 b5 14. Be2 Nb6 15. Qd2 Nxc4 16. Bxc4 bxc4 17. Bh6 Nd7 18. Bxg7 Kxg7 19. f4 Rab8 20. Rf2 Nb6 21. Qd1 f6 22. Qc2 Na8 23. Qe2 Nc7 24. a4 Na8 25. e5 fxe5 26. Rcf1 Qc7 27. Ne4 h6 28. Qg4 exf4 29. gxf4 Qc8 30. f5 Qe8 31. Rg2 Nc7 32. Qh4 g5 33. Nxg5 1-0

[Event "BL2-Sued 1617"]
[Site "Germany"]
[Date "2016.10.16"]
[Round "1.4"]
[White "Menezes, Christoph"]
[Black "Wild, Achim"]
[Result "0-1"]
[WhiteElo "2411"]
[BlackElo "2230"]
[PlyCount "60"]
[EventDate "2016.10.16"]
[EventType "team-tourn"]
[EventRounds "9"]
[EventCountry "GER"]
[SourceTitle "CBM 175 Extra"]
[Source "ChessBase"]
[SourceDate "2016.12.12"]
[SourceVersion "1"]
[SourceVersionDate "2016.12.12"]
[SourceQuality "1"]
[WhiteTeam "Schoenaich"]
[BlackTeam "Schwarzenbach"]
[WhiteTeamCountry "GER"]
[BlackTeamCountry "GER"]

1. d4 d5 2. c4 c6 3. Nf3 Nf6 4. e3 Bg4 5. h3 Bh5 6. g4 Bg6 7. Nbd2 e6 8. Ne5 Nbd7 9. Nxg6 hxg6 10. Bg2 g5 11. 0-0 Be7 12. Re1 Nf8 13. e4 Ng6 14. cxd5 exd5 15. e5 Nd7 16. e6 fxe6 17. Rxe6 Ndf8 18. Re1 Nf4 19. Nf3 N8g6 20. Bxf4 Nxf4 21. Nxg5 Qd6 22. Nf3 Qh6 23. h4 Nxg2 24. Kxg2 Qf4 25. Ng5 Rxh4 26. Rxe7+ Kxe7 27. Qe2+ Kf6 28. Qe6+ Kxg5 29. Qe7+ Qf6 30. f4+ Kg6 0-1

[Event "LUX-chT 2016/17"]
[Site "Luxembourg"]
[Date "2016.10.09"]
[Round "2"]
[White "Smailovic, Nermin"]
[Black "Wild, Achim"]
[Result "0-1"]
[WhiteElo "1772"]
[BlackElo "2230"]
[PlyCount "80"]
[EventDate "2016.09.25"]
[EventType "team-tourn"]
[EventRounds "10"]
[EventCountry "LUX"]
[SourceTitle "EXT 2018"]
[Source "ChessBase"]
[SourceDate "2017.10.13"]
[SourceVersion "1"]
[SourceVersionDate "2017.10.13"]
[SourceQuality "1"]

1. c4 c6 2. Nc3 d5 3. cxd5 cxd5 4. e3 Nf6 5. Nf3 e6 6. Bb5+ Bd7 7. Bd3 Nc6 8. a3 Bd6 9. 0-0 0-0 10. b4 e5 11. Be2 e4 12. Ne1 Qe7 13. f4 d4 14. exd4 Nxd4 15. Nc2 Nxc2 16. Qxc2 a5 17. b5 Rfe8 18. Kh1 Bg4 19. Qd1 Qe6 20. Bxg4 Nxg4 21. h3 f5 22. Qe1 Qh6 23. Ne2 Nf6 24. Qg3 Nh5 25. Qe3 Rad8 26. Bb2 Bb8 27. Bd4 Re6 28. Qb3 Kh8 29. Be3 Red6 30. Qc3 b6 31. a4 Qe6 32. Rae1 Qd5 33. Bd4 Qf7 34. Be3 Qg6 35. Kg1 Ng3 36. Nxg3 Qxg3 37. Rf2 h6 38. Ree2 Rg6 39. Rf1 Qxh3 40. Bd4 Qg4 0-1

[Event "Oberliga Sued W 1516"]
[Site "Germany"]
[Date "2016.02.21"]
[Round "7.6"]
[White "Wild, Achim"]
[Black "Traub, Boris"]
[Result "0-1"]
[WhiteElo "2195"]
[BlackElo "2295"]
[PlyCount "90"]
[EventDate "2015.09.20"]
[EventType "team-tourn"]
[EventRounds "9"]
[EventCountry "GER"]
[SourceTitle "EXT 2017"]
[Source "ChessBase"]
[SourceDate "2016.10.25"]
[SourceVersion "1"]
[SourceVersionDate "2016.10.25"]
[SourceQuality "1"]
[WhiteTeam "Schwarzenbach Caissa"]
[BlackTeam "Illingen Turm"]
[WhiteTeamCountry "GER"]
[BlackTeamCountry "GER"]

1. Nf3 d5 2. c4 c6 3. e3 Nf6 4. Nc3 g6 5. d4 Bg7 6. Be2 0-0 7. 0-0 a6 8. a4 Bg4 9. Qb3 Ra7 10. a5 e6 11. h3 Bxf3 12. Bxf3 Nbd7 13. Rd1 b5 14. axb6 Qxb6 15. Qxb6 Nxb6 16. c5 Nbd7 17. Bd2 Rb8 18. b4 e5 19. Ra4 Ne8 20. Be1 Nc7 21. dxe5 Nxe5 22. Be2 f5 23. Bf1 Nd7 24. Rda1 Rab7 25. Bxa6 Rxb4 26. Rxb4 Rxb4 27. Bc8 Nxc5 28. Ra7 Nb5 29. Nxb5 Rxb5 30. Ra5 Rxa5 31. Bxa5 Kf7 32. Bb4 Nd3 33. Ba3 Bf8 34. Ba6 Ne5 35. Bxf8 Kxf8 36. Bb7 Ke7 37. f4 Nc4 38. Bxc6 Nxe3 39. Kf2 Kd6 40. Be8 d4 41. Kf3 Kc5 42. g4 Kb4 43. Bf7 Kc3 44. Bg8 Nc4 45. gxf5 gxf5 0-1

[Event "Staufer op-A 28th"]
[Site "Schwaebisch Gmuend"]
[Date "2016.01.04"]
[Round "6"]
[White "Kourousis, Epaminondas"]
[Black "Wild, Achim"]
[Result "1-0"]
[WhiteElo "2408"]
[BlackElo "2226"]
[PlyCount "67"]
[EventDate "2016.01.02"]
[EventType "swiss"]
[EventRounds "9"]
[EventCountry "GER"]
[SourceTitle "CBM 170 Extra"]
[Source "ChessBase"]
[SourceDate "2016.02.25"]
[SourceVersion "1"]
[SourceVersionDate "2016.02.25"]
[SourceQuality "1"]

1. d4 d5 2. c4 c6 3. Nf3 Nf6 4. Qc2 dxc4 5. Qxc4 Bg4 6. Nbd2 Nbd7 7. g3 e6 8. Bg2 Be7 9. 0-0 0-0 10. Qb3 Qb6 11. Nc4 Qa6 12. Bg5 h6 13. Bxf6 Nxf6 14. e3 Rac8 15. Nfe5 Bf5 16. Rfc1 Be4 17. Bf1 b5 18. Nd2 Bd5 19. Qd3 c5 20. Qxb5 Qxb5 21. Bxb5 cxd4 22. exd4 Bb4 23. Ndc4 Bb7 24. a3 Be7 25. Na5 Ba8 26. Nac6 Rc7 27. Nxe7+ Rxe7 28. Bc6 Ne4 29. b4 Nd2 30. Rc3 Rc7 31. Rac1 Rfc8 32. b5 f6 33. Ng6 Kf7 34. Nf4 1-0

[Event "GER-ch 86th"]
[Site "Saarbruecken"]
[Date "2015.12.10"]
[Round "8"]
[White "Wild, Achim"]
[Black "Liedtke, Matthias"]
[Result "1-0"]
[WhiteElo "2182"]
[BlackElo "2286"]
[PlyCount "59"]
[EventDate "2015.12.03"]
[EventType "swiss"]
[EventRounds "9"]
[EventCountry "GER"]
[SourceTitle "CBM 169 Extra"]
[Source "ChessBase"]
[SourceDate "2015.12.18"]
[SourceVersion "1"]
[SourceVersionDate "2015.12.18"]
[SourceQuality "1"]

1. Nf3 Nf6 2. c4 g6 3. d4 Bg7 4. g3 0-0 5. Bg2 d6 6. 0-0 Nbd7 7. Nc3 e5 8. e4 a6 9. Qc2 c6 10. Rd1 Qe7 11. h3 b5 12. c5 dxc5 13. dxe5 Ne8 14. Bg5 Qe6 15. Be3 Qe7 16. Ne2 Nc7 17. Bg5 Qe8 18. Qd2 Nxe5 19. Nxe5 Bxe5 20. Bh6 Bg7 21. Bxg7 Kxg7 22. Qc3+ Kg8 23. Qxc5 Ne6 24. Qb6 Bd7 25. Nc3 Qe7 26. e5 Nc5 27. b4 Na4 28. Nxa4 bxa4 29. Qb7 Rad8 30. Bxc6 1-0

[Event "GER-ch 86th"]
[Site "Saarbruecken"]
[Date "2015.12.09"]
[Round "7"]
[White "Bastian, Herbert"]
[Black "Wild, Achim"]
[Result "1-0"]
[WhiteElo "2328"]
[BlackElo "2182"]
[PlyCount "57"]
[EventDate "2015.12.03"]
[EventType "swiss"]
[EventRounds "9"]
[EventCountry "GER"]
[SourceTitle "CBM 169 Extra"]
[Source "ChessBase"]
[SourceDate "2015.12.18"]
[SourceVersion "1"]
[SourceVersionDate "2015.12.18"]
[SourceQuality "1"]

1. e4 c6 2. d4 d5 3. exd5 cxd5 4. c4 Nf6 5. Nc3 g6 6. Nf3 Bg7 7. Be2 0-0 8. 0-0 Nc6 9. h3 dxc4 10. Bxc4 Na5 11. Be2 Be6 12. Re1 Bc4 13. Bxc4 Nxc4 14. Qe2 Rc8 15. Qxe7 Qb6 16. Ne4 Nd5 17. Qh4 Nb4 18. Bh6 Rfd8 19. Bxg7 Kxg7 20. Neg5 h6 21. Nxf7 Kxf7 22. Re7+ Kf8 23. Rae1 g5 24. Nxg5 Qg6 25. Ne6+ Kg8 26. Nxd8 Rxd8 27. R7e6 Qg5 28. Rg6+ Qxg6 29. Qxd8+ 1-0

[Event "GER-ch 86th"]
[Site "Saarbruecken"]
[Date "2015.12.08"]
[Round "6"]
[White "Wild, Achim"]
[Black "Hilverda, Alexander"]
[Result "0-1"]
[WhiteElo "2182"]
[BlackElo "2385"]
[PlyCount "84"]
[EventDate "2015.12.03"]
[EventType "swiss"]
[EventRounds "9"]
[EventCountry "GER"]
[SourceTitle "CBM 169 Extra"]
[Source "ChessBase"]
[SourceDate "2015.12.18"]
[SourceVersion "1"]
[SourceVersionDate "2015.12.18"]
[SourceQuality "1"]

1. Nf3 d5 2. c4 d4 3. g3 Nc6 4. Bg2 e5 5. 0-0 Nf6 6. d3 a5 7. e3 Bc5 8. exd4 Bxd4 9. Nxd4 Nxd4 10. h3 0-0 11. Re1 Re8 12. Nc3 c6 13. b3 Bf5 14. Bb2 Qc7 15. Kh2 Rad8 16. Ne4 Nxe4 17. dxe4 Bc8 18. Re3 c5 19. Rd3 Qb6 20. Bc3 Qc7 21. Rc1 b6 22. Rd2 Rd6 23. Qf1 h5 24. Bxd4 exd4 25. h4 Bb7 26. f3 Qe7 27. Re1 Re6 28. Bh3 Re5 29. Red1 Qc7 30. Rg2 Bc6 31. Qg1 Kh8 32. Kh1 f5 33. Bxf5 Rxf5 34. exf5 Bxf3 35. Kh2 Re4 36. Kh3 Bg4+ 37. Kh2 Bf3 38. Kh3 Qe5 39. Rf2 Bg4+ 40. Kg2 Re3 41. Rf4 Re2+ 42. Kh1 Qe4+ 0-1

[Event "GER-ch 86th"]
[Site "Saarbruecken"]
[Date "2015.12.04"]
[Round "2"]
[White "Wild, Achim"]
[Black "Poetsch, Hagen"]
[Result "0-1"]
[WhiteElo "2182"]
[BlackElo "2514"]
[PlyCount "61"]
[EventDate "2015.12.03"]
[EventType "swiss"]
[EventRounds "9"]
[EventCountry "GER"]
[SourceTitle "CBM 169 Extra"]
[Source "ChessBase"]
[SourceDate "2015.12.18"]
[SourceVersion "1"]
[SourceVersionDate "2015.12.18"]
[SourceQuality "1"]

1. Nf3 Nf6 2. c4 e6 3. g3 d5 4. Bg2 d4 5. 0-0 c5 6. b4 cxb4 7. a3 Nc6 8. d3 a5 9. Bb2 bxa3 10. Nxa3 Bc5 11. Nd2 e5 12. Nb3 Be7 13. Nb5 0-0 14. Ra4 Nd7 15. Qc1 Nb6 16. Ra1 Bg4 17. Re1 Bb4 18. Nd2 Nd7 19. Ba3 Nc5 20. Bxb4 Nxb4 21. Ra3 Bd7 22. Nd6 Qe7 23. Nxb7 Nxb7 24. Bxb7 Ra7 25. Bg2 Nc2 26. Qxc2 Qxa3 27. Rb1 a4 28. Ne4 f5 29. Ng5 Qe7 30. Nf3 a3 31. c5 0-1

[Event "Oberliga Sued W 1516"]
[Site "Germany"]
[Date "2015.09.20"]
[Round "1.7"]
[White "Wild, Achim"]
[Black "Martin, Mike"]
[Result "0-1"]
[WhiteElo "2195"]
[BlackElo "2090"]
[PlyCount "126"]
[EventDate "2015.09.20"]
[EventType "team-tourn"]
[EventRounds "9"]
[EventCountry "GER"]
[SourceTitle "CBM 170 Extra"]
[Source "ChessBase"]
[SourceDate "2016.02.25"]
[SourceVersion "1"]
[SourceVersionDate "2016.02.25"]
[SourceQuality "1"]
[WhiteTeam "Schwarzenbach Caissa"]
[BlackTeam "Worms"]
[WhiteTeamCountry "GER"]
[BlackTeamCountry "GER"]

1. Nf3 b6 2. g3 Bb7 3. Bg2 e5 4. d3 g6 5. 0-0 Bg7 6. c4 Ne7 7. Nc3 0-0 8. Bd2 Nbc6 9. Qc1 Nd4 10. Nxd4 Bxg2 11. Ne6 dxe6 12. Kxg2 Qd7 13. f3 Nf5 14. b4 Nd6 15. Qb2 Rfd8 16. Bg5 f6 17. Be3 Nf5 18. Bf2 Bh6 19. Ne4 Rf8 20. Kh1 Be3 21. Bxe3 Nxe3 22. Rg1 a5 23. b5 Qd4 24. Qc1 f5 25. Nd2 a4 26. Rb1 Qc5 27. Nf1 Nxf1 28. Rxf1 Rad8 29. Qc2 Qe3 30. Rbd1 Rd4 31. Qd2 Qxd2 32. Rxd2 e4 33. fxe4 fxe4 34. Rxf8+ Kxf8 35. Kg2 Ke7 36. Kf2 Kd6 37. Ke3 Kc5 38. a3 exd3 39. exd3 e5 40. Rf2 e4 41. dxe4 Rxc4 42. Kd3 Kxb5 43. e5 Rc5 44. Rf7 Rxe5 45. Rxc7 Rd5+ 46. Ke2 Rh5 47. h4 g5 48. hxg5 Rxg5 49. Kf2 h5 50. Rc3 Rc5 51. Re3 Rd5 52. Ke2 Kc5 53. Rc3+ Kd4 54. Rd3+ Kc4 55. Rf3 b5 56. Re3 Rd4 57. Re5 h4 58. gxh4 Rxh4 59. Re3 Rh2+ 60. Kd1 Rb2 61. Re8 Kb3 62. Re3+ Ka2 63. Kc1 Rb3 0-1

[Event "Bodensee op"]
[Site "Bregenz"]
[Date "2015.05.13"]
[Round "5"]
[White "Bezemer, Arno J"]
[Black "Wild, Achim"]
[Result "1/2-1/2"]
[WhiteElo "2292"]
[BlackElo "2185"]
[PlyCount "47"]
[EventDate "2015.05.09"]
[EventType "swiss"]
[EventRounds "9"]
[EventCountry "AUT"]
[SourceTitle "CBM 166 Extra"]
[Source "ChessBase"]
[SourceDate "2015.06.18"]
[SourceVersion "1"]
[SourceVersionDate "2015.06.18"]
[SourceQuality "1"]

1. e4 d6 2. d4 Nf6 3. Nc3 e5 4. Nf3 Nbd7 5. Bc4 Be7 6. 0-0 0-0 7. a4 a5 8. Re1 c6 9. b3 h6 10. Bb2 Re8 11. Qd2 Qc7 12. Rad1 Nf8 13. Nh4 N6h7 14. Nf5 Bxf5 15. exf5 Bg5 16. Qd3 Nd7 17. d5 Nc5 18. Qf3 Nf6 19. Ba3 Nfd7 20. Kh1 Rad8 21. Bxc5 Nxc5 22. Ne4 Nxe4 23. Qxe4 Rb8 24. h4 1/2-1/2